[Event "EU-ch 4th"]
[Site "Istanbul"]
[Date "2003.06.12"]
[Round "12"]
[White "Banikas, Hristos"]
[Black "Roiz, Michael"]
[Result "1-0"]
[WhiteElo "2542"]
[BlackElo "2529"]
[Annotator "Roiz,M"]
[PlyCount "69"]
[EventDate "2003.05.30"]
[EventType "swiss"]
[EventRounds "13"]
[EventCountry "TUR"]
[SourceTitle "CBM 096"]
[Source "ChessBase"]
[SourceDate "2003.09.25"]
[SourceVersion "1"]
[SourceVersionDate "2003.09.25"]
[SourceQuality "1"]

1. d4 Nf6 2. c4 e6 3. Nf3 b6 4. a3 Ba6 5. Qc2 Bb7 6. Nc3 c5 7. e4 cxd4 8. Nxd4
Bc5 {This move leads to the most complicated positions.} ({Another
possibilities are:} 8... Nc6) ({and} 8... d6) 9. Nb3 ({Black has no problems
after:} 9. Nf3 $6 Nc6 10. Bd3 Ng4 11. O-O Qb8 {[%cal Gc6d4]} 12. Ne2 O-O 13. h3
Nge5 14. Nxe5 Nxe5 15. Bf4 Qc7 16. Qd2 Qd6 17. Bxe5 Qxe5 18. b4 Be7 19. f4 Qc7
$15 {0-1 Nikolic,P-Timman,J/Linares 1988}) 9... Nc6 10. Bf4 ({Another common
line is:} 10. Bg5 h6 11. Bh4 Nd4 12. Nxd4 Bxd4 13. Bd3 Qb8 14. Bg3 Be5 15.
O-O-O O-O 16. Kb1 (16. Qd2 d6 17. Bxe5 dxe5 18. f3 Ba6 19. Be2 Rc8 20. b3 Qc7
21. Qd6 Ne8 22. Qxc7 Rxc7 23. Kb2 Kf8 24. a4 Ke7 $11 {1/2-1/2 Tkachiev,V-Salov,
V/Chess Masters 3rd 1999}) 16... d6 (16... Rc8 17. Qe2 d6 18. Bxe5 dxe5 19. Qe3
Bc6 20. Rd2 a6 21. Rhd1 Qb7 22. f3 $14 {1-0 Khenkin,I-Markos,J/SVK-ch Kaskady
2002}) 17. Bxe5 (17. Ne2 Bxg3 18. hxg3 b5 $1 19. cxb5 Rc8 20. Nc3 d5 $44 {
0-1 Cmilyte,V-Naiditsch,A/ Wijk aan Zee ll 2003}) 17... dxe5 18. Qe2 (18. f3
Rd8 19. g4 Ba6 20. h4 Ne8 21. g5 h5 $132) 18... Rd8 19. Qe3 Rd4 (19... Bc6 20.
Bc2 Qc7 $13) 20. f3 Ba6 21. b3 Qc7 22. Kb2 Rad8 23. Ne2 R4d7 24. Bc2 b5 $1 $132
{0-1 Khenkin,I-Adams,M/Bundesliga 0203 2002}) 10... O-O $5 {In my opinion,this
is a good alternative to the most popular 10...e5.Actually,this game is a try
to show the disadvantage of it.} (10... e5 11. Bg5 h6 12. Bh4 Be7 {-is the
main line.}) 11. Nxc5 {This is the most principal continuation.The
dark-squared bishop is very important in this type of positions.On the other
hand,black gets a strong outpost on d4 and he could quickly organize a
counterplay,using the ''b'' file.} (11. O-O-O e5 12. Be3 (12. Bg5 Nd4 13. Nxd4
Bxd4 14. Bd3 $2 Bxc3 15. bxc3 h6 16. Bh4 Qe7 $17 {0-1 Pliasunov,A-Ionov,S/
Chigorin mem op 2001}) (12. Bg3 Rc8 13. Kb1 Nd4 14. Nxd4 exd4 15. Nd5 b5 16.
Bh4 Bxd5 17. cxd5 Be7 18. Qd3 Nxe4 $11 {1/2-1/2 Cramling,P-Illescas Cordoba,M/
ESP-chT Ponferrada 1997}) 12... Bxe3+ 13. fxe3 Rc8 14. Bd3 a6 15. Nd5 Na7 16.
Kb1 d6 17. Qe2 b5 18. cxb5 Nxb5 19. Nxf6+ Qxf6 20. Na5 Ba8 $15 {0-1 Bagirov,
R-Alekseev,E/Suetin mem Tula 2002}) (11. Bd3 e5 12. Bg5 Be7 13. Qe2 Ne8 ({
deserves attention is:} 13... d6 $5 {[%cal Gf6d7,Gd7c5]}) 14. h4 Bxg5 15. hxg5
Qxg5 16. Nd5 Nf6 17. Qf3 Rfe8 18. Nxf6+ Qxf6 19. Qxf6 gxf6 20. O-O-O Ne7 $11 {
1/2-1/2 Krasenkow,M-Lutz,C/Julian Borowski 4th 2002}) (11. Rd1 e5 12. Bg5 Nd4
13. Nxd4 Bxd4 14. Bd3 Bc6 15. O-O Bxc3 16. Bxf6 Qxf6 17. Qxc3 Qg5 $11 {0-1
Lauber,A-Agrest,E/BL2-Nord 0102 2001}) 11... bxc5 12. Bd6 Nd4 13. Qd3 (13. Qd1
$2 Qb6 $1 (13... Re8 $4 14. e5 Qb6 15. b4 cxb4 16. c5 $18 {1-0 Bagirov,
R-Dobrov,V/Abu Dhabi ADCF Masters 2002}) 14. Bxf8 Qxb2 15. Rc1 Rxf8 $17) 13...
Re8 (13... Qb6 $143 $6 14. e5 $1 (14. Bxf8 Rxf8 15. O-O-O Rb8 $44 {[%cal Gd7d5]
}) 14... Nh5 15. O-O-O Rfc8 (15... Nf4 16. Qg3 Qb3 17. Rd2) 16. Na4 $16) (13...
e5 $6 14. Bxc5 Re8 15. Bxd4 exd4 16. Qxd4 Nxe4 17. O-O-O $16 {1-0 Piket,
J-Salov,V/Hoogovens Wijk aaz Zee 1997}) 14. e5 (14. b4 $6 e5 $1 15. Be2 (15.
Bxc5 $6 Nb3 16. Rb1 Nxc5 17. bxc5 Bc6 $15 {[%cal Gd8a5]}) (15. bxc5 $2 Qa5 16.
f3 Bxe4 $1 17. fxe4 Nxe4 18. Rc1 $8 Qxa3 19. Na2 $8 Qa5+ 20. Nc3 Nxc5 21. Bxc5
Qxc5 $17) 15... cxb4 16. axb4 Re6 17. c5 Ne8 18. Bg4 Rg6 19. Bh5 Rg5 $15 {
0-1 Van Wely,L-Granda Zuniga,J/Hoogovens Wijk aan Zee 1997}) 14... Ng4 ({
deserves attention is:} 14... Nh5 $5 15. Ne2 (15. Rd1 Nf4 16. Qg3 Ng6 17. Bd3
Nf5 $1 18. Bxf5 exf5 19. O-O f4 20. Qg4 f3 $132 {[%cal Gg6e5]}) 15... Nxe2 16.
Qxe2 Qh4 17. Qe3 Nf4 18. Qg3 Nxg2+ 19. Bxg2 Qxg3 20. hxg3 Bxg2 21. Rh2 Bf3 22.
Bxc5 Rec8 23. b4 a5 $11) 15. Bxc5 $5 $146 {Hristos finds an amazing idea! That
not brings an advantage,but probably there is nothing better for white!} Nb3
16. Qd1 Qa5 $6 {There was no reason to spend time for that move-''d6'' is the
best place for the bishop anyway!} (16... Nxa1 $142 17. Qxg4 Nb3 $1 (17... Rc8
18. Bxa7 Qa5 19. Bd4 Nc2+ 20. Kd2 Nxd4 21. Qxd4 Red8 $13) 18. Bd6 (18. Be3 d5
$1 19. Bh6 g6 $17) 18... Qb6 $1 19. Qd1 (19. Bd3 Nc5 $17 {[%csl Rb2,Rd3][%cal
Gc5d3,Gb6b2]}) (19. Be2 Nc1 $1 $17 {[%csl Rb2,Re2][%cal Gc1e2,Gb6b2]} (19...
Nd4 $2 20. c5 Nc2+ 21. Kd2 Qxb2 22. Rb1 $18)) (19. h4 Nd4 20. Bd3 Nf5 $1 $17)
19... Rec8 20. Na4 Qa5+ 21. Nc3 Qb6 $11) 17. Bd6 Nxa1 18. Qxg4 Qb6 ({after} 
18... Nb3 19. Bd3 Qb6 20. O-O Nc5 21. Bb1 $16 {[%cal Gh2h4,Gh4h5] black cannot
improve the position of his pieces.On the other hand,white has a clear plan of
attack against Kg8.}) 19. Nb5 $1 {[%cal Gc4c5]} (19. b4 $2 Nc2+ 20. Kd2 Nxa3
$17) 19... Nc2+ $4 {Losing immediately!} ({The only way for fighting was:} 
19... Nb3 $8 20. Qd1 $1 (20. Bd3 $2 a6 $1 21. Qh3 h6 22. Nc7 Qa5+ 23. Kf1 Qd2
$19) (20. Qh3 Nc5 {[%cal Gc5e4]} 21. b4 Ne4 22. c5 Qc6 23. f3 Nxd6 24. Nxd6 Qd5
$1 $132) 20... Nc5 21. b4 Ne4 22. c5 Qc6 23. f3 Nxd6 24. Nxd6 Qc7 25. Bd3 {
and white has more than a sufficient compensation for a pawn,but black has
some chanses to hold the position.}) 20. Kd2 Qxf2+ 21. Qe2 Qf5 $8 22. Kc3 $1
Be4 23. Qd2 $4 {[%cal Gf1d3] It is funny,that Hristos Banikas has made this
move without thinking! Actually,black gets an opportunity to save a material!}
(23. Nc7 $1 Qf4 24. g3 Qe3+ 25. Qxe3 Nxe3 26. Rg1 Nxf1 27. Rxf1 Rec8 28. Nxa8
Bxa8 29. Kd4 $18 {[%cal Gb2b4] I believe that white has a winning
position-black pawns on the king side are paralized,on the other hand white
can easily push his pawns on the queen side.}) 23... a5 $4 {This game is a
nice example of ''how one move can change the result''! I was completely sure,
that my position is lost,so that move is a kind of desperation!} ({It is just
unbelievable,but even after the game we didn't analized this natural
continuation! After that move white has no time to win a piece!-} 23... Rec8 $1
{[%cal Ga7a6]} 24. Bd3 (24. Nc7 Rab8 {[%csl Rc7][%cal Gb8b7]} 25. Bd3 $2 Bxd3
26. Qxd3 Rb3+) (24. Kb3 f6 $1 25. exf6 (25. Be2 a6 $1 26. Rf1 Qg5 27. Qxg5 fxg5
$19 {[%cal Gc2d4]})) (24. b3 a6 25. Nc7 Nxa3 $1 {[%cal Ga3b1]} 26. Qe3 Rxc7 $1
27. Bxc7 Rc8 28. Qb6 Nb5+ $1 29. cxb5 Qxe5+ $19) 24... Bxd3 25. Qxd3 Qf2 $1 26.
Rf1 Qxg2 27. Qf3 Rxc4+ $1 28. Kxc4 Qxf1+ 29. Qxf1 Ne3+ $19) 24. Nc7 $18 {
Now the game is over-black cannot avoid material losses.} Nb4 (24... Qg6 25.
Nxe8 Rxe8 26. Bd3 Bxd3 27. Qxd3 Qxg2 28. Rc1 $18) 25. axb4 axb4+ 26. Kb3 ({
possible was also} 26. Kd4) ({worse is:} 26. Kxb4 $6 Reb8+ 27. Nb5 Rb6 $16 {
with some counterplay for black.}) 26... Bb1 {Black cannot save a piece.The
rest is like an agony!} 27. Nxa8 Rxa8 28. Be2 Qe4 29. Kxb4 {The most effective
way-white has nothing to worry about his king.} ({Only not:} 29. Bf3 $4 Ba2+
30. Kxb4 Qxc4#) 29... Qb7+ 30. Kc3 Be4 31. Bd3 Bxd3 32. Kxd3 f5 33. exf6 Qb3+
34. Qc3 Qb7 35. Rf1 {[%mdl 34880]} 1-0

[Event "EU-ch 18th"]
[Site "Minsk"]
[Date "2017.06.08"]
[Round "9"]
[White "Kozul, Zdenko"]
[Black "Duda, Jan Krzysztof"]
[Result "0-1"]
[WhiteElo "2617"]
[BlackElo "2693"]
[Annotator "Roiz,M"]
[PlyCount "112"]
[EventDate "2017.05.30"]
[EventType "swiss"]
[EventRounds "11"]
[EventCountry "BLR"]
[SourceTitle "CBM 179"]
[Source "ChessBase"]
[SourceDate "2017.07.12"]
[SourceVersion "1"]
[SourceVersionDate "2017.07.12"]
[SourceQuality "1"]

1. d4 Nf6 2. c4 e6 3. Nf3 b6 4. a3 Ba6 5. Qb3 {Zdenko chooses a considerably
minor line.} (5. Qc2 {is much more popular.}) 5... c5 {The Polish grandmaster
goes for a somewhat risky way of handling the position.} ({The more modest} 
5... Be7 6. Nc3 d5 {offers Black good chances for equalising:} 7. cxd5 Nxd5 8.
e4 Bxf1 9. Kxf1 (9. Rxf1 Nxc3 10. Qxc3 O-O 11. Bf4 c5 12. O-O-O Qc8 $11 {
Sasikiran,K (2637)-Bocharov,D (2595) Moscow RUS 2016}) 9... Nxc3 10. Qxc3 O-O
11. Bf4 c5 12. dxc5 bxc5 $11 {Dreev,A (2679)-Adams,M (2708) Las Vegas 1999}) 6.
d5 g6 ({Possibly, the usual} 6... exd5 7. cxd5 d6 8. Nc3 g6 {is more precise,
limiting White's possibilities.}) 7. Nc3 exd5 8. cxd5 ({At this moment Zdenko
should also consider} 8. Nxd5 $5 Nxd5 9. cxd5 Bg7 10. Bg5 f6 11. Bf4 O-O 12. h4
d6 13. e3 $14 {, and Black's setup looks suspicious.}) 8... Bg7 9. e4 Bxf1 10.
Kxf1 d6 11. g3 ({Liquadating into an endgame didn't bother Black:} 11. Qb5+ Qd7
12. Bf4 Nh5 13. Qxd7+ Kxd7 $11 {Burmakin,V (2571)-Pogromsky,M (2243) Sochi 2004
}) 11... O-O 12. Kg2 a6 $146 {This natural move is connected with an
interesting idea.} ({The previously played} 12... Nbd7 13. Re1 a6 14. a4 Ne8
15. Nd2 Ne5 $132 {Dedebas,E (2342)-Bagaturov,G (2428) Izmir TUR 2017, was
acceptable for Black.}) 13. a4 Ra7 $5 {It turns out that Black can afford to
keep the knight on its initial spot for a while.} 14. Re1 (14. Bf4 $5 {looked
challenging, putting some pressure on the Pd6; but Black should be able to
develop enough counterplay by means of} Rb7 15. Rhe1 b5 16. axb5 axb5 17. Nd2
Nh5 18. Be3 Nd7 $132) 14... Nbd7 15. h3 Qb8 {The resulting complex position
might suit both sides.} 16. Bf4 Nh5 {It makes sense to release the tension,
even though the Nh5 is temporarily out of play.} 17. Be3 Rb7 18. g4 Nhf6 19.
Bf4 h5 $5 {The most aggressive choice. The change of k-side pawn structure
might bother both sides.} ({Another possibility was} 19... Re8 20. Qc2 b5 21.
axb5 axb5 $132) 20. g5 Ne8 21. Bh2 ({Since White cannot stop the b6-b5 advance
anyway, it made sense to relocate the queen:} 21. Qc4 $5 b5 22. Qe2 c4 23. axb5
axb5 24. Na2 $132) 21... Ne5 22. Nxe5 dxe5 {It's not an endgame, so White
doesn't benefit from having the protected passer.} 23. Qc4 Qd8 ({Possibly, the
passive-looking} 23... Ra7 $5 {might be stronger, but GM Duda is in aggressive
mode!}) 24. f4 {GM Kozul is intending to immediately liberate the poor Bh2.} (
24. Qxa6 Qxg5+ 25. Kh1 Qe7 26. f4 exf4 27. e5 $132) 24... Nd6 25. Qxa6 Re7 26.
f5 {Another interesting decision - Zdenko makes the position even more
complicated.} ({After} 26. Qd3 exf4 27. Bxf4 Be5 28. Qg3 Rfe8 {Black's
compensation for a pawn would be indisputable.}) 26... gxf5 27. exf5 Nxf5 {
The extra pawn is gone, but White's pieces are getting more mobile. In
particular, the knight can be well placed on e4 in some cases.} 28. Qc4 Rd7 29.
Kh1 {The course of the game has completely changed!} Nd4 {The activity is
worth more than material!} ({After} 29... Qxg5 30. Rg1 Qe3 31. Qf1 Nd4 32. Qg2
$44 {White would obtain excellent play for a pawn.}) 30. Rg1 {Keeping the
tension in the position!} ({The ''greedy''} 30. Bxe5 Bxe5 31. Rxe5 Re8 32. Rae1
Rxe5 33. Rxe5 Re7 34. Re4 Qd7 $11 {would lead to major simplifications.}) 30...
Re8 $2 ({It was necessary to get rid of the e5-pawn in order to activate most
of the pieces:} 30... e4 $1 31. Nxe4 Rxd5 32. Raf1 Qa8 33. Rg2 Rf5 $132) 31.
Rg2 $2 {Luckily for Jan-Krzysztof, his experienced opponent doesn't punish him
for a careless previous move.} ({The natural} 31. Ne4 $1 Rxd5 32. g6 Re7 33.
gxf7+ Rxf7 34. Raf1 {would most likely secure White an easy win.}) 31... e4 {
This advance is not as effective as before, but still makes Black's position
more attractive.} (31... Rd6 $5 32. Ne4 Rg6 33. d6 Qd7 $132) 32. Rf1 (32. d6 $5
{looked more scary, but Black should be able to solve the problems with} e3 $1
33. g6 e2 34. gxf7+ Rxf7 35. Nxe2 Nxe2 36. Rxe2 Rxe2 37. Qxe2 Qa8+ 38. Qg2
Qxg2+ 39. Kxg2 Kf8 40. a5 bxa5 41. Rxa5 Bd4 $11) 32... Rd6 $2 {There
definitely was no reason for such drastic measures!} ({The cool-blooded} 32...
e3 {was possible:} 33. d6 Qa8 34. g6 Re6 35. gxf7+ Rxf7 36. Rxf7 Kxf7 {The
e-passer makes Black's position perfectly playable.}) 33. Re1 $2 ({The simple} 
33. Bxd6 Qxd6 34. Nb5 $1 Qd7 ({After} 34... Nxb5 35. Qxb5 Rd8 36. g6 $18 {
White manages to open the files for his rooks and should be able to convert
the material advantage into a full point.}) 35. Nxd4 cxd4 36. g6 fxg6 37. d6+
Kh7 38. Qc7 Qxc7 39. dxc7 d3 40. Re1 Rc8 41. Rxe4 Rxc7 42. Rd2 {would leave
Black with limited drawing chances.}) 33... Nf3 34. Rxe4 Nxh2 {After
liquidating the powerful dark-squared bishop, Black's position is no longer
risky!} 35. Rxe8+ Qxe8 36. Re2 $2 {It is easy to err under such pressure, so
Zdenko makes another serious mistake.} (36. Ne4 Rg6 37. Rxh2 Bd4 38. Re2 $11)
36... Qd8 $6 ({Objectively,} 36... Qd7 $1 {was stronger:} 37. Kxh2 Bxc3 38.
Qxc3 Rxd5 $17 {and Black is just a pawn up.}) 37. Kxh2 $2 ({It turns out, that
the Nh2 is trapped anyway, so White can play} 37. Qf4 $1 {and save the game:}
Nf3 (37... Nf1 38. Ne4 $1 Rxd5 39. Nf6+ Bxf6 40. gxf6 $11) 38. Qxf3 Bxc3 39.
bxc3 Rxd5 40. Qxh5 Rd3 41. Kg2 Qa8+ 42. Kf2 Qxa4 43. c4 $1 $11) 37... Qxg5 38.
Rg2 Qe5+ 39. Kh1 Kf8 $2 {Unpinning the bishop looks natural, but it is a waste
of time!} ({Instead,} 39... Qe1+ 40. Rg1 Qe3 $19 {was just winning.}) 40. Qa6
Bf6 (40... Qe8 $5) 41. Qd3 Qe1+ 42. Rg1 Qh4 43. Rf1 $2 ({Zdenko has missed an
excellent opportunity of liquidating into a drawish rook endgame:} 43. Qg3 $1
Qxg3 44. Rxg3 Bxc3 45. Rxc3 Rxd5 46. Rb3 Rd6 47. Rb5 $11 {and the active rook
secures White a draw.}) 43... Bd4 $1 {Now the vulnerablity of his king causes
White unsolvable problems.} 44. Ne2 (44. Nb5 Rf6 45. Nxd4 Rxf1+ 46. Qxf1 Qxd4
47. Qb5 Qxd5+ 48. Kg1 {was more stubborn, though the subsequent ending seems
lost.}) 44... Bxb2 $19 {Black is a pawn up in a better position.} 45. Qf5 Rf6
46. Qc8+ Kg7 47. Rg1+ Rg6 48. Qf5 (48. Rxg6+ Kxg6 49. Qg8+ Bg7 $19) 48... Rxg1+
49. Nxg1 Bf6 50. Kg2 Qg5+ {The simplest. The rest is a matter of technique.}
51. Qxg5+ Bxg5 52. Nf3 Bf4 53. Kf1 Kf6 54. Ke2 c4 55. h4 Kf5 56. d6 Ke6 0-1